Statystyki dla Znane nazwiska #3

Kliknij tutaj aby rozwiązać quiz!

Ogólne statystyki

  • Ten quiz został rozwiązany 341 razy
  • Średni wynik to 5 z 12

Statystyki odpowiedzi

imięnazwisko% Poprawnych
Katie, Sherlock, JohnHolmes
78%
Kim, Khloe, Kourtney, RobKardashian
74%
Pamela, Gillian, Loni,Anderson
64%
Lech, Jarosław , DanutaWałęsa
59%
Johann Sebastian, Vivi, SebastianBach
50%
Anna Nicole, Maggie, WillSmith
49%
''Magic'', Boris, BenJohnson
34%
Andrzej, Elisabeth, Harry, JanuszDuda
15%
Antoni, Ireneusz, Jerzy, PatrykDudek
10%
Magdalena, Halina, MarekFrąckowiak
9%
Joanna, Olek, Tadeusz, PiotrKrupa
7%
Romy, Dee, Rob, ChristophSchneider
7%

Rozkład punktacji

Percentyl według liczby udzielonych odpowiedzi

Procent ludzi z każdym wynikiem

Twoja historia wyników

Nie rozwiązałeś tego quizu